00810 2200289 4500001002100000005001500021035002500036008004100061020001800102040001700120082001600137084001800153090002200171090002200193100002000215245008300235260003800318300002500356500002600381650001900407850001200426007000300438041001300441999002200454990002200476990002200498INLIS00000000000110720200618105942 a0010-121400000000189141210s yoi g | ind d a979-1273-14-2 aYOPDYOGbind04222a297.577 a297.577 MUH e aDEP 297.577 MUH e aCB-D.11 [S.a]-3140 aMuhammad Thalib 0aEnsiklopedi keluarga sakinah :bmenyambut sang buah hati 06 /cMuhammad Thalib3 aYogyakarta :bPro-U Media,c[S.a] a309 halaman ;c24 cm aYang diterima jilid 6 4aKeluarga Islam aYOPDYOGta0 aindgara aCB-D.11/[S.a]-314 aCB-D.11/[S.a]-314 aCB-D.11/[S.a]-314